• 首页
  • 本馆介绍
  • 公告通知
  • 最新文献
  • 馆藏检索
  • 电子资源
  • 读者导购
  • 参考咨询
  • 我的图书馆
  • 登录
  • 详细信息显示
  • 放入我的书架
  • 预约/预借图书
  • 作者相关作品
  • 分类相关作品
  • 丛书相关作品
  • 出版社相关作品

书目信息

  • 表格格式
  • 工作单格式
  • 卡片格式
题名:
恐惧与战栗
    
 
作者: 基尔克果 著 ;赵翔 译
分册:  
出版信息: 北京   华夏出版社  2017.10
页数: 17, 252页, [1] 叶图版
开本: 22cm
丛书名: 西方传统
单 册:
中图分类: B82-095.34 , B534
科图分类:
主题词: 伦理学--lun li xue--丹麦--近代
电子资源:
ISBN: 978-7-5080-9257-7
000 01534nam 2200337 450
001 CAL 0120172303312
005 20171211155800.39
010    @a978-7-5080-9257-7@b精装@dCNY59.00
100    @a20171010d2017 em y0chiy50 ea
101 1  @achi@cdan
102    @aCN@b110000
105    @aaf a 000yy
106    @ar
200 1  @a恐惧与战栗@Akong ju yu zhan li@e静默者约翰尼斯的辩证抒情诗@f(丹) 基尔克果著@d= Fear and trembling@fSoren Kierkegaard@g赵翔译@zeng
210    @a北京@c华夏出版社@d2017.10
215    @a17, 252页, [1] 叶图版@c图@d22cm
225 2  @a西方传统@Axi fang chuan tong@e经典与解释
300    @a古典教育基金·“益道”资助项目
320    @a有书目
330    @a本书是19世纪丹麦宗教哲学家、诗人基尔克果 (又译克尔凯郭尔) 的著作, 以讲述亚伯拉罕故事的奇岖和信仰的悖谬令无数后来的读者和学人的震撼、深思, 也给作者带来了不朽的声誉。此新译本里有大量译者的注释, 解释、介绍作品中涉及的名词与背景知识、相关隐喻 ; 还选译了克氏自己与本书相关的日记, 以及克氏专家对本书的分析“《恐惧与战栗》究竟说了什么? ”并有译者专为本书编就的基尔克果年表。
410  0 @12001 @a西方传统 (经典与解释)
510 1  @aFear and trembling@zeng
517 1  @a静默者约翰尼斯的辩证抒情诗@Ajing mo zhe yue han ni si de bian zheng shu qing shi
606 0  @a伦理学@Alun li xue@y丹麦@z近代
690    @aB82-095.34@v5
690    @aB534@v5
701  1 @c(丹)@a基尔克果@Aji er ke guo@g(Kierkegaard, Soren)@4著
702  0 @a赵翔@Azhao xiang@4译
801  0 @aCN@b人天书店@c20171010@g
905    @aBZT@dB82-095.34@e1
906    @dCNY59.00@n3@r1
    
    恐惧与战栗:静默者约翰尼斯的辩证抒情诗/(丹) 基尔克果著= Fear and trembling/Soren Kierkegaard/赵翔译.-北京:华夏出版社,2017.10
    17, 252页, [1] 叶图版:图;22cm.-(西方传统:经典与解释)
    古典教育基金·“益道”资助项目
    
    ISBN 978-7-5080-9257-7(精装):CNY59.00
    本书是19世纪丹麦宗教哲学家、诗人基尔克果 (又译克尔凯郭尔) 的著作, 以讲述亚伯拉罕故事的奇岖和信仰的悖谬令无数后来的读者和学人的震撼、深思, 也给作者带来了不朽的声誉。此新译本里有大量译者的注释, 解释、介绍作品中涉及的名词与背景知识、相关隐喻 ; 还选译了克氏自己与本书相关的日记, 以及克氏专家对本书的分析“《恐惧与战栗》究竟说了什么? ”并有译者专为本书编就的基尔克果年表。
●
相关链接 在五车中查询图书 在当当中查询图书 在豆瓣中查询图书


正题名:恐惧与战栗     索取号:B82-095.34/1         预约/预借

序号 登录号 条形码 馆藏地/架位号 状态 备注
1 833256   2000833256   第二书库/ [索取号:B82-095.34/1] 在馆    
2 833257   2000833257   第二书库/ [索取号:B82-095.34/1] 在馆    
3 833258   2000833258   第二书库/ [索取号:B82-095.34/1] 在馆    
山东省滨州职业学院图书馆 欢迎您!
大连网信软件有限公司© 版权所有